French Islands Quiz - Statistics

General Stats
  • This quiz has been taken 163 times
  • The average score is 9 of 18
Answer Stats
Clue Island % Correct
Where Napoleon was born Corsica
96%
Shares it with the Netherlands Saint Martin
79%
Island visited by the HMS Bounty Tahiti
76%
Saint-Denis is its capital Réunion
72%
Where Mount Pelée's eruption killedover 30,000 people in 1902 Martinique
67%
They form a collectivity near Canada Saint Pierre
60%
They form a collectivity near Canada Miquelon
56%
Tidal island in Normandy knownfor its iconic castle Mont-Saint-Michel
54%
This island of Guadeloupe shares itsname with St. Kitts and Nevis's capital Basse-Terre
49%
They also form a collectivitybetween Fiji and Samoa Wallis
43%
They also form a collectivitybetween Fiji and Samoa Futuna
42%
Polynesian island with a Four Seasons Resort luxury hotel Bora Bora
38%
Former Swedish colony Saint Barthélemy
36%
Parisian island Notre-Dame is situated on Île de la Cité
26%
River island at the mouth of Loirein a major city Île de Nantes
25%
Island in French Guiana famous fora historical prison of political prisoners Devil's Island
22%
Uninhabited atoll disputed with Mexico Clipperton
21%
Main island of the Kerguelen Islands, Mayotte or New Caledonia Grande Terre
18%
No matching quizzes found
Score Distribution
Percent of People with Each Score
Percentile by Number Answered
Your Score History
You have not taken this quiz